| 000 | 00399nam a22001217a 4500 | ||
|---|---|---|---|
| 082 | _a200 THE | ||
| 100 |
_aJunaid Anwar, _915824 |
||
| 245 | _aTH-SOF-1192-Performance Comparison of Non-linear Observers for Quadrotor Unmanned Aerial Vehicle | ||
| 260 |
_aIslamabad _bNUST College of EME _c2015 |
||
| 650 | _aMS-ELECT-71 MSTHESIS | ||
| 700 |
_aSupervison Dr.Fahad Mumtaz Malik _970175 |
||
| 942 | _cCF | ||
| 999 |
_c577467 _d577467 |
||